Country Flags with Orange - Statistics

General Stats
  • This quiz has been taken 29 times
  • The average score is 8 of 9
Answer Stats
Picture Answer % Correct
India
100%
Ireland
100%
Bhutan
96%
Cyprus
96%
Ivory Coast
96%
Sri Lanka
92%
Armenia
88%
Niger
88%
Zambia
81%
No matching quizzes found
Score Distribution
Percent of People with Each Score
Percentile by Number Answered
Your Score History
You have not taken this quiz